000
00324nam a2200133Ia 4500
100
_a
Franco/Sergio
942
_c
BK
654
_a
amplifiers
245
_a
Design with operational amplifiers and analog integrated circuits
260
_b
McGraw - Hill
_c
2002
082
_a
621.3815
_b
FRA
300
_a
658
546
_a
ENGLISH
999
_c
20348
_d
20348